000
00270nam a2200109Ia 4500
005
20251222153537.0
008
251222s9999||||xx |||||||||||||| ||spa||
082
_a
344.528/B22
245
0
_a
Compendio de Legislación Anticorrupción
250
_a
3era. ed.
942
_c
LIB
999
_c
30320
_d
30320